| 000 | 01058nam a22002657a 4500 | ||
|---|---|---|---|
| 005 | 20240530110559.0 | ||
| 008 | 160903s2013 ua g 000 0dara d | ||
| 017 |
_a2013/13811 _bمصر . دار الكتب المصرية |
||
| 020 | _a9789774484377 | ||
| 040 | _aEG-CaGPL | ||
| 082 | 0 | 4 |
_221 _a218\ _bب ح |
| 100 | 1 | _aبرو، شارل سان . | |
| 245 | 1 | 0 |
_aحركه الاصلاح فى التراث الاسلامى / _cتاليف شارل سان برو ؛ ترجمة و تقديم اسامة نبيل . |
| 250 | _aط1 | ||
| 260 |
_aالقاهره : _bالهيئه المصريه العامه للكتاب ، _c2013 . |
||
| 300 |
_a192ص ؛ _c24 سم . |
||
| 490 | 0 |
_aالمشروع القومى للترجمة _v2148 |
|
| 504 | _aببليوجرافيه : ص 180 - 189 | ||
| 650 | 0 | 4 | _aالحركات الاصلاحيه . |
| 650 | 0 | 4 | _aالسنه النبويه . |
| 650 | 0 | 4 | _aالتيار الاصلاحى السلفى . |
| 700 | 0 |
_aاسامه نبيل _eمترجم . |
|
| 942 |
_2ddc _cBK |
||
| 999 |
_c62632 _d62632 |
||